The ultimate timeline of world history / (Record no. 37817)
[ view plain ]
| 000 -LEADER | |
|---|---|
| fixed length control field | 00767cam a2200253 i 4500 |
| 001 - CONTROL NUMBER | |
| control field | 17224023 |
| 003 - CONTROL NUMBER IDENTIFIER | |
| control field | OSt |
| 005 - DATE AND TIME OF LATEST TRANSACTION | |
| control field | 20141002174146.0 |
| 008 - FIXED-LENGTH DATA ELEMENTS--GENERAL INFORMATION | |
| fixed length control field | 120323t20122011nyua 000 0 eng |
| 010 ## - LIBRARY OF CONGRESS CONTROL NUMBER | |
| LC control number | 2012936060 |
| 020 ## - INTERNATIONAL STANDARD BOOK NUMBER | |
| International Standard Book Number | 9780764165658 |
| 050 00 - LIBRARY OF CONGRESS CALL NUMBER | |
| Classification number | D11 |
| Item number | .M329 2012 |
| 100 1# - MAIN ENTRY--PERSONAL NAME | |
| Personal name | Marx, Christoph. |
| 245 14 - TITLE STATEMENT | |
| Title | The ultimate timeline of world history / |
| Statement of responsibility, etc | Christoph Marx. |
| 260 ## - PUBLICATION, DISTRIBUTION, ETC. (IMPRINT) | |
| Place of publication, distribution, etc | Hauppauge, NY : |
| Name of publisher, distributor, etc | Barron's Educational Series, Inc., |
| Date of publication, distribution, etc | 2012. |
| 300 ## - PHYSICAL DESCRIPTION | |
| Extent | 129 pages : |
| Other physical details | illustrations ; |
| Dimensions | 26 x 30 cm |
| 336 ## - CONTENT TYPE | |
| Source | rdacontent |
| Content Type Term | text |
| 337 ## - MEDIA TYPE | |
| Source | rdamedia |
| Media Type Term | unmediated |
| 338 ## - CARRIER TYPE | |
| Source | rdacarrier |
| Carrier Type Term | volume |
| 500 ## - GENERAL NOTE | |
| General note | "With 20 lavish fold-out timelines"--Cover. |
| 650 #0 - SUBJECT ADDED ENTRY--TOPICAL TERM | |
| Topical term or geographic name as entry element | Chronology, Historical. |
| 650 #0 - SUBJECT ADDED ENTRY--TOPICAL TERM | |
| Topical term or geographic name as entry element | World history. |
| 942 ## - ADDED ENTRY ELEMENTS (KOHA) | |
| Source of classification or shelving scheme | Library of Congress Classification |
| Item type | Books |
| Withdrawn status | Lost status | Source of classification or shelving scheme | Damaged status | Not for loan | Home library | Current library | Shelving location | Date acquired | Source of acquisition | Cost, normal purchase price | Shelving control number | Total Checkouts | Full call number | Barcode | Date last seen | Price effective from | Koha item type |
|---|---|---|---|---|---|---|---|---|---|---|---|---|---|---|---|---|---|
| Library of Congress Classification | BSOP Library | BSOP Library | Reference | 10/02/2014 | 1750.00 | 127 | D11 M36 2012 | 00044332 | 10/03/2014 | 10/03/2014 | Books |
